| Tag |
First Indicator |
Second Indicator |
Subfields |
| LEADER |
00000cam a2200000 a 4500 |
| 001 |
in00000761007 |
| 005 |
20151017051414.0 |
| 008 |
790612s1873 pauaf 00010 engm |
| 010 |
|
|
|a 05019021
|
| 035 |
|
|
|a (OCoLC)05056886
|
| 035 |
|
|
|9 ADK6109AM
|
| 040 |
|
|
|a DLC
|c CLE
|d SER
|d TXA
|d UtOrBLW
|
| 049 |
|
|
|a TXAM
|c [490915]
|
| 050 |
0 |
0 |
|a TN870
|b .H5
|
| 092 |
|
|
|a 553.28
|b H39
|
| 100 |
1 |
|
|a Henry, J. T.
|
| 245 |
1 |
4 |
|a The early and later history of petroleum :
|b with authentic facts in regard to its development in western Pennsylvania, the oil fields of Europe and America, gas wells, spiritual wells, oil well shafts, petroleum products ... the Parkers' and Butler County oil fields : also, life sketches of pioneer and prominent operators, with the refining capacity of the United States / cby J.T. Henry.
|
| 264 |
|
1 |
|a Philadelphia :
|b J.B. Rodgers Co., Printers,
|c 1873.
|
| 300 |
|
|
|a 607 pages, 31 unnumbered pages of plates :
|b illustrations ;
|c 24 cm.
|
| 336 |
|
|
|a text
|b txt
|2 rdacontent
|
| 337 |
|
|
|a unmediated
|b n
|2 rdamedia
|
| 338 |
|
|
|a volume
|b nc
|2 rdacarrier
|
| 500 |
|
|
|a Cover title: Petroleum and biographical sketches.
|
| 650 |
|
0 |
|a Petroleum
|x History.
|
| 740 |
0 |
|
|a Petroleum and biographical sketches.
|
| 999 |
|
|
|a MARS
|
| 999 |
f |
f |
|s 7748340b-b943-3544-80ac-c56f7ea62400
|i 96ac8975-30ac-3f0e-97e9-397908ce8fb1
|t 0
|
| 952 |
f |
f |
|p ric
|a Texas A&M University
|b Rellis Campus
|c Joint Library Facility
|s JLF
|d Remote Storage
|t 0
|e TN870 .H5
|h Library of Congress classification
|i unmediated -- volume
|m A14808774228
|
| 998 |
f |
f |
|a TN870 .H5
|t 0
|l Remote Storage
|